000 00588nam a2200241Ia 4500
999 _c58452
_d58452
003 0100
005 20190111102629.0
008 130303s9999 xx 000 0 und d
020 _a0869221485
040 _cARRUPELIB
050 _aSPC. DT962.42.B35 1980
100 _aBeach, David N.
_943985
245 4 _aThe Shona and Zimbabwe 900-1850
_ban outline of Shona history
_cDavid B. Beach
260 _aGweru
_bMambo Press
_c1980
300 _axviii, 427p. ;
_c21cm.
300 _b
650 _aShona (African people)
_xHistory
_927961
650 _aZimbabwe
_xHistory
_910314
942 _2lcc
_cSPC